00433nam a2200181Ia 4500008004100000020001800041245002500059245003100084245002000115260001500135260001600150260000900166300001400175300002500189300001000214500000800224999001900232170705s9999 xx 000 0 und d a9780439867849 4aThe busy body book : ba kid's guide to fitness / cLizzy Rockwell. aNew York : bScholastic, c2004 aunpaged : bcolor illustration ; c28cm. a680 c336111d336111